| 000 | 00421nam a2200157Ia 4500 | ||
|---|---|---|---|
| 008 | 180424s9999 xx 000 0 und d | ||
| 040 | _aPK-NaQUE | ||
| 100 | _a09ME73 | ||
| 100 | _aKhudadad Dharejo | ||
| 245 | 0 | _aFabrication and Testing Performance of Low Speed Wind Tunnel Test Bench | |
| 260 | _aNawabshah | ||
| 260 | _bQUEST | ||
| 260 | _c2009 | ||
| 300 | _a82 | ||
| 700 | _aDepartment of Mechanical Engineering | ||
| 999 |
_c58542 _d58539 |
||